00758nam a2200289Ia 450000500170000000800460001702000150006303700070007804000080008504000080009304000080010104100080010904100080011708400140012508400080013910000280014724500700017524500190024526000140026426000310027826000090030930000090031894200070032794200140033499900210034895200990036920260401122401.0008 250103s9999 xx 000 0 eng d a069103320X aTB aEDL beng cEDL 2eng aeng a828.8 NUN qEDL aNunokawa, Jeff91233440 0aAfterlife of Property: Domestic Security and the Victorian Novel 0cNunokawa, Jeff aPrinceton bPrinceton University press c1994 a152p cTB h828.8 NUN c1846927d1846927 00104070aEDLbEDLd2026-04-01l0o828.8 NUNpEL2152296r2026-04-01 12:24:01w2026-04-01yTB